Nové funkcie SharePoint 2010 v oblasti ECM

Podrobná bibliografia
Hlavný autor: Chudý, Aleš (Autor)
Médium: Článok
Jazyk:slovenčina
Fyzický popis:Fotogr.
ISSN:1335-4787
Predmet:

MARC

LEADER 00000nab a2200000 a 4500
001 vtls010184271
003 SK-MaSNL
005 20260304160927.0
008 250507c2010 xo ||||||||||||00 b|slo
015 |a SNBRB2010/10  |2 snkbucl 
035 |a (uuid)a388ca6d-c624-474a-bef0-482761f7cd67 
035 |a urn:nbn:sk:snk-ab1fx7 
035 |a (urnnbn)urn:nbn:sk:snk:ar-0039f0 
038 |a SNKBUCL 
040 |a SNKBUCL  |b slo  |c SNKBUCL  |e AACR2 
041 0 |a slo 
044 |a xo  |c SK 
080 |a 004.42SharePoint  |2 2001 
080 |a [007+004]:658  |2 2001 
080 |a 658.012.45  |2 2001 
080 |a 005.92:004  |2 2001 
100 1 |a Chudý, Aleš  |4 aut  |9 1151769 
245 1 0 |a Nové funkcie SharePoint 2010 v oblasti ECM  |c Aleš Chudý 
300 |b Fotogr. 
630 0 7 |a SharePoint 2010  |2 snkbucl  |9 1484200 
650 0 7 |a manažment podnikového obsahu  |2 snkbucl  |9 113596 
650 0 7 |a podnikové dokumenty  |2 snkbucl  |9 1452515 
650 0 7 |a elektronické dokumenty  |2 snkbucl  |9 124981 
650 0 7 |a podnikové informačné systémy  |2 snkbucl  |9 68605 
655 7 |a analýzy  |2 snkbucl  |9 22242 
773 0 |t Infoware  |g Roč. VI, č. 3 (2010), s. 26  |x 1335-4787 
850 |a Slovenská národná knižnica 
852 |a Slovenská národná knižnica 
954 |a odborná, vedecká literatúra pôvodná (slovenská)  |2 lita 
958 |a article2022 
958 |a OND 
958 |a EUIPO 
999 |c 2969258  |d 2971188